[Event "Panevezys op-C"]
[Site "Panevezys"]
[Date "2022.07.01"]
[Round "2"]
[White "Mockus, Arvydas"]
[Black "Mikolavicius, Marius"]
[Result "1-0"]
[WhiteElo "1551"]
[BlackElo "1172"]
[PlyCount "41"]
[EventDate "2022.07.01"]
[EventType "swiss"]
[EventRounds "7"]
[EventCountry "LTU"]
[SourceTitle "EXT 2023"]
[Source "ChessBase"]
[SourceDate "2022.10.05"]
[SourceVersion "1"]
[SourceVersionDate "2022.10.05"]
[SourceQuality "1"]

1. e4 c6 2. d3 d5 3. Nd2 dxe4 4. dxe4 e6 5. Bc4 Bd6 6. Ngf3 Nd7 7. Qe2 Qc7 8. 0-0 Ngf6 9. Re1 Ne5 10. Nxe5 Bxe5 11. Nf3 0-0 12. c3 b5 13. Bb3 Bb7 14. Bg5 a6 15. Nxe5 Qxe5 16. f4 Qc5+ 17. Kh1 Qe7 18. e5 c5 19. exf6 gxf6 20. Bh6 Rfe8 21. Qg4+ 1-0

[Event "Panevezys op-C"]
[Site "Panevezys"]
[Date "2021.08.01"]
[Round "6"]
[White "Mockus, Arvydas"]
[Black "Remeika, Vytautas"]
[Result "1-0"]
[WhiteElo "1486"]
[BlackElo "1393"]
[PlyCount "63"]
[EventDate "2021.07.30"]
[EventType "swiss"]
[EventRounds "7"]
[EventCountry "LTU"]
[SourceTitle "EXT 2022"]
[Source "ChessBase"]
[SourceDate "2021.10.06"]
[SourceVersion "1"]
[SourceVersionDate "2021.10.06"]
[SourceQuality "1"]

1. e4 e6 2. d3 d5 3. Nd2 c5 4. g3 Nc6 5. Bg2 Nf6 6. Ngf3 Bd6 7. 0-0 0-0 8. Nh4 Qc7 9. f4 dxe4 10. dxe4 e5 11. Nc4 Rd8 12. f5 b5 13. Ne3 Bb7 14. Ng4 Be7 15. Nxf6+ Bxf6 16. Qh5 Qb6 17. Be3 Nd4 18. Rf2 Qd6 19. g4 Bxh4 20. Qxh4 Rd7 21. f6 Rad8 22. fxg7 Qe7 23. Bg5 Qe8 24. Raf1 Rc8 25. Qh5 Ne6 26. Bh6 c4 27. Qxe5 a6 28. Rf6 Nxg7 29. Qc3 Qf8 30. R1f5 Rc6 31. Rg5 Re6 32. Rxg7+ 1-0

[Event "Panevezys op-C"]
[Site "Panevezys"]
[Date "2021.07.31"]
[Round "3"]
[White "Valaika, Matas"]
[Black "Mockus, Arvydas"]
[Result "0-1"]
[WhiteElo "1123"]
[BlackElo "1486"]
[PlyCount "88"]
[EventDate "2021.07.30"]
[EventType "swiss"]
[EventRounds "7"]
[EventCountry "LTU"]
[SourceTitle "EXT 2022"]
[Source "ChessBase"]
[SourceDate "2021.10.06"]
[SourceVersion "1"]
[SourceVersionDate "2021.10.06"]
[SourceQuality "1"]

1. d4 Nf6 2. g3 d6 3. Bg2 g6 4. Nc3 Bg7 5. Nf3 c6 6. 0-0 Bf5 7. Re1 d5 8. Bf4 Nh5 9. e3 Nxf4 10. exf4 0-0 11. h4 Bg4 12. Qd2 Bxf3 13. Bxf3 Nd7 14. Re2 e6 15. Rae1 Qb6 16. Nd1 Qxd4 17. Qxd4 Bxd4 18. c3 Bg7 19. Kh2 a5 20. Rg1 a4 21. g4 a3 22. b3 Nc5 23. Re3 Nxb3 24. Re2 d4 25. cxd4 Nxd4 26. Re3 Nxf3+ 27. Rxf3 Rfd8 28. Rfg3 Rd2 29. h5 Rxa2 30. hxg6 hxg6 31. f5 Be5 32. Re1 Bxg3+ 33. Kxg3 Ra1 34. fxg6 fxg6 35. Rxe6 Rxd1 36. Rxg6+ Kf7 37. Rg5 Rd5 38. Kf4 Ra4+ 39. Ke3 Rxg5 40. f3 a2 41. Kf2 a1Q 42. f4 Qc3 43. fxg5 Ra2+ 44. Kf1 Qa1# 0-1